000 00676nam a2200205 i 4500
001 104355
003 ES-MaACL
005 20251001141418.0
007 t|
008 051128s1950 sp af |||| | cat d
100 1 _aMilton, John (
_d1608-1674)
_981300
240 1 0 _aParadise lost.
_lCatalán
245 1 3 _aEl paradis perdut /
_cJohn Milton ; traducció de Josep M. Boix i Selva ; aiguaforts de Ramón de Capmany.
260 _aBarcelona :
_b[s.n.],
_c1950.
300 _a240 p., 7 lám. ;
_c32 cm.
700 1 _aBoix i Selva, J. M.,
_d1914-
_929907
700 1 _aCapmany, Ramon de,
_d1899-1992
_934866
852 _aES-MaACL
_jP-1008
999 _c104355
_d104355